000 00632nam a2200205Ii 4500
003 JO-AjNU
008 230606s9999||||xx |||||||||||||| ||und||
020 _a0-15-580530-4
040 _aJO-AjNU
_beng
_erda
_cJO-AjNU
041 _aeng
050 1 4 _aPR2754 .H37 1968
100 3 _aHarrison, G.B(editor),
_eauthor
_95487
245 0 0 _aShakespare: the Complete Works
264 3 1 _aNew york :Harcourt Brace jovanovich, Inc , 1968
300 _a1668p
_bBibliography: pages [1662]-1675.
336 _atext
_btxt
_2rdacontent
337 _aunmediated
_bn
_2rdamedia
338 _avolume
_bnc
_2rdacarrier
650 4 _ashakespeare
_95488
999 _aE2836
_c2834
_d2834